000
00348nam a2200169Ia 4500
100
_a
Hoffman/Steve
650
_a
Apache
942
_c
BK
366
_f
20
654
_a
apache flume
245
_a
Apache Flume:Distributed log collection
260
_b
PACKT
_c
2013
082
_a
5.133
_b
HOF
300
_a
94
546
_a
ENGLISH
999
_c
34662
_d
34662